Fraude y desobediencia fiscal en la Corona de Castilla en el siglo XVII: 1621-1700

I tiakina i:
Ngā taipitopito rārangi puna kōrero
Kaituhi matua: Cárceles de Gea, Beatriz (Author)
Hōputu: Pukapuka
Reo:Pāniora
I whakaputaina: Valladolid Junta de Castilla y León 2000
Rangatū:Estudios de Historia
Ngā marau:
Ngā Tūtohu: Tāpirihia he Tūtohu
Kāore He Tūtohu, Me noho koe te mea tuatahi ki te tūtohu i tēnei pūkete!

MARC

LEADER 00000nam a2200000 a 4500
001 UCN2908
003 CL-VaPUC
008 010615e20000000SP |||||||||||||||||spa|d
082 0 4 |a 364.163  |b CAR  |2 21 
100 0 |a Cárceles de Gea, Beatriz  |e author  |9 459186 
245 1 0 |a Fraude y desobediencia fiscal en la Corona de Castilla en el siglo XVII: 1621-1700 
300 |a 365 p 
942 |c BK 
945 |d 20010615 00:00:00  |a cmena 
260 |a Valladolid  |b Junta de Castilla y León  |c 2000 
650 7 |a FRAUDES  |2 CL-VaPUC  |9 459187 
650 0 |a Criminología  |9 256168 
650 7 |a DELITOS COMERCIALES  |2 CL-VaPUC  |9 459188 
650 7 |a FRAUDE - DERECHO Y LEGISLACION  |2 CL-VaPUC  |9 433990 
650 0 |a Derecho penal español  |9 368528 
583 |a last modification  |c 20010615 00:00:00  |k Rodrigo Vera 
490 0 |a Estudios de Historia 
999 |c 295927  |d 295925 
952 |0 0  |1 0  |4 0  |6 364_163000000000000_CAR_2000  |7 0  |8 A  |9 349370  |a BIBHIS  |b BIBHIS  |d 2019-11-20  |i 3709914  |o 364.163 CAR 2000  |p 3709914  |r 2025-01-20  |w 2019-11-20  |y BK  |k HIS